000 00517nam a22001697a 4500
003 NUST
038 _aNusrat Nadeem
082 _a200
100 _aRaza, Fahd
_9125980
245 _aCricket Video Summarization Using Temporal CNNs /
_cFahd Raza,
264 _aIslamabad;
_bSEECS NUST;
_c2024.
300 _a67,p;
_bill;
_c30,cm.
650 _aMS-Electrical Engineering
_923567
700 _aSupervisor: Dr Mohsin Kamal
_9125092
856 _u http://10.250.8.41:8080/xmlui/handle/123456789/46548
942 _2ddc
_cSC
999 _c611687
_d611687